| 000 | 01018nam a2200313 i 4500 | ||
|---|---|---|---|
| 001 | 192063 | ||
| 003 | ES-MaACL | ||
| 005 | 20250728033016.0 | ||
| 008 | 221102s1999 sp a 001 0 spa | ||
| 017 |
_aM 22895-1999 _bOficina Depósito Legal Madrid |
||
| 020 | _a8437602882 | ||
| 040 | _cES-MaACL | ||
| 080 | _a77(091) | ||
| 100 | 1 |
_aSougez, Marie-Loup, _d1930-2019 _eaut _9140603 |
|
| 245 | 1 | 0 |
_aHistoria de la fotografía / _cMarie-Loup Sougez. |
| 250 | _aSéptima edición | ||
| 260 |
_aMadrid : _bCátedra, _c1999. |
||
| 300 |
_a518 páginas : _bilustraciones (blanco y negro) ; _c18 cm. |
||
| 490 | 1 | _aCuadernos arte Cátedra | |
| 500 | _aGlosario | ||
| 500 | _aÍndice onomástico | ||
| 504 | _aBibliografía: páginas 471-491 | ||
| 650 | 4 |
_aFotografía- _vHistoria _912955 |
|
| 830 |
_aCuadernos arte Cátedra _9181519 |
||
| 852 | 4 |
_aES-MaACL _jN-8089 _bR. 131092 _cDEPOJ _zCompra _9199345 |
|
| 942 |
_cMONOGRAFIA _n0 |
||
| 999 |
_c192063 _d192063 |
||